Bataille d'Alsace nov. 1944-mars 1945 : 1 cm. sur la carte représente 2 km. sur le terrain : réimpression de la carte historique de 1947 = Battle of Alsace Nov. 1944-March 1945 : 1 cm. on the map represents 2 km. on the ground : reprint of the 1947 map /
Saved in:
| Corporate Author: | |
|---|---|
| Format: | Map |
| Language: | French |
| Published: |
Paris :
Pneu Michelin,
c1992.
|
| Subjects: | |
| Tags: |
Add Tag
No Tags, Be the first to tag this record!
|
| LEADER | 01601cem a2200385 a 4500 | ||
|---|---|---|---|
| 001 | 010643299-0 | ||
| 005 | 20070722103417.0 | ||
| 008 | 991129r19921947fr g a 0 fre | ||
| 010 | |a 99465869 | ||
| 034 | 1 | |a a |b 200000 | |
| 035 | 0 | |a ocm42952968 | |
| 040 | |a DLC |c DLC |d OCLCQ |d HLS | ||
| 041 | 0 | |a freeng | |
| 043 | |a e-fr--- | ||
| 045 | 2 | |b d1944 |b d1945 | |
| 050 | 0 | 0 | |a G5833.A37S7 1947 |b .P5 1992 |
| 052 | |a 5833 |b A37 | ||
| 072 | 7 | |a S7 |2 lcg | |
| 110 | 2 | |a Pneu Michelin (Firm) | |
| 245 | 1 | 0 | |a Bataille d'Alsace nov. 1944-mars 1945 : |b 1 cm. sur la carte représente 2 km. sur le terrain : réimpression de la carte historique de 1947 = Battle of Alsace Nov. 1944-March 1945 : 1 cm. on the map represents 2 km. on the ground : reprint of the 1947 map / |c dressée par la Manufacture française des pneumatiques Michelin. |
| 246 | 3 | 1 | |a Battle of Alsace Nov. 1944-March 1945 |
| 255 | |a Scale [1:200,000]. 1 cm. = 2 km. | ||
| 260 | |a Paris : |b Pneu Michelin, |c c1992. | ||
| 300 | |a 1 map : |b col. ; |c 109 x 49 cm., on sheet 155 x 50 cm., folded to 25 x 11 cm. | ||
| 500 | |a Relief shown by spot heights. | ||
| 500 | |a Panel title. | ||
| 500 | |a At head of title: Pneu Michelin. | ||
| 500 | |a Facsimile. | ||
| 534 | |p Original version: |c Paris : Pneu Michelin, [1947]. |n Dressée par la Manufacture de caoutchouc Michelin. | ||
| 500 | |a Prime meridian: Paris. | ||
| 500 | |a Includes text, 3 ancillary maps of major military actions, and ill. | ||
| 500 | |a Publisher's no.: 104. | ||
| 650 | 0 | |a World War, 1939-1945 |x Campaigns |z France |z Alsace |v Maps |v Facsimiles. | |
| 988 | |a 20070722 | ||
| 906 | |0 DLC | ||


